学習漢字 - Statistics

General Stats
  • This quiz has been taken 869 times
  • The average score is 342 of 1006
Answer Stats
% Correct
1年生
90%
1年生
90%
1年生
90%
1年生
86%
1年生
85%
1年生
84%
1年生
84%
1年生
82%
1年生
80%
1年生
80%
1年生
79%
1年生
78%
1年生
76%
1年生
76%
1年生
76%
1年生
76%
1年生
75%
1年生
75%
1年生
74%
1年生
72%
1年生
72%
1年生
72%
1年生
71%
1年生
71%
2年生
71%
1年生
70%
1年生
70%
1年生
69%
1年生
68%
1年生
67%
1年生
67%
2年生
67%
2年生
67%
1年生
66%
2年生
66%
2年生 西
66%
2年生
66%
1年生
65%
1年生
65%
1年生
65%
2年生
65%
2年生
65%
2年生
65%
1年生
64%
2年生
64%
2年生
64%
2年生
64%
1年生
63%
1年生
63%
2年生
63%
3年生
63%
4年生
63%
1年生
62%
1年生
62%
1年生
62%
1年生
61%
1年生
61%
1年生
61%
1年生
61%
2年生
61%
2年生
61%
2年生
61%
2年生
61%
2年生
61%
3年生
61%
1年生
60%
2年生
60%
2年生
60%
3年生
60%
1年生
59%
1年生
59%
1年生
59%
2年生
59%
2年生
59%
2年生
59%
2年生
59%
2年生
59%
3年生
59%
1年生
58%
1年生
58%
2年生
58%
2年生
58%
2年生
58%
2年生
58%
1年生
57%
1年生
57%
2年生
57%
2年生
57%
2年生
57%
3年生
57%
3年生
57%
3年生
57%
1年生
56%
1年生
56%
1年生
56%
2年生
56%
2年生
56%
2年生
56%
3年生
56%
1年生
55%
1年生
55%
2年生
55%
2年生
55%
2年生
55%
2年生
55%
3年生
55%
4年生
55%
1年生
54%
2年生
54%
2年生
54%
2年生
54%
2年生
54%
2年生
54%
2年生
54%
4年生
54%
1年生
53%
1年生
53%
1年生
53%
1年生
53%
2年生
53%
2年生
53%
2年生
53%
2年生
53%
2年生
53%
3年生
53%
3年生
53%
4年生
53%
2年生
52%
2年生
52%
2年生
52%
2年生
52%
3年生
52%
3年生
52%
3年生
52%
3年生
52%
4年生
52%
2年生
51%
2年生
51%
2年生
51%
2年生
51%
3年生
51%
3年生
51%
3年生
51%
4年生
51%
4年生
51%
1年生
50%
1年生
50%
1年生
50%
1年生
50%
2年生
50%
2年生
50%
2年生
50%
2年生
50%
2年生
50%
3年生
50%
3年生
50%
3年生
50%
4年生
50%
1年生
49%
1年生
49%
2年生
49%
2年生
49%
3年生
49%
3年生
49%
4年生
49%
5年生
49%
5年生
49%
1年生
48%
2年生
48%
2年生
48%
2年生
48%
2年生
48%
2年生
48%
2年生
48%
3年生
48%
3年生
48%
3年生
48%
3年生
48%
3年生
48%
4年生
48%
4年生
48%
4年生
48%
2年生
47%
2年生
47%
2年生
47%
2年生
47%
2年生
47%
2年生
47%
2年生
47%
3年生
47%
3年生
47%
3年生
47%
3年生
47%
4年生
47%
4年生
47%
5年生
47%
6年生
47%
1年生
46%
2年生
46%
2年生
46%
2年生
46%
2年生
46%
3年生
46%
3年生
46%
3年生
46%
3年生
46%
4年生
46%
4年生
46%
4年生
46%
5年生
46%
6年生
46%
1年生
45%
1年生
45%
2年生
45%
2年生
45%
2年生
45%
2年生
45%
2年生
45%
2年生
45%
2年生
45%
2年生
45%
2年生
45%
2年生
45%
2年生
45%
2年生
45%
3年生
45%
4年生
45%
4年生
45%
5年生
45%
6年生
45%
1年生
44%
1年生
44%
2年生
44%
2年生
44%
2年生
44%
2年生
44%
2年生
44%
2年生
44%
3年生
44%
3年生
44%
3年生
44%
4年生
44%
4年生
44%
5年生
44%
6年生
44%
2年生
43%
2年生
43%
2年生
43%
2年生
43%
2年生
43%
2年生
43%
2年生
43%
3年生
43%
3年生
43%
3年生
43%
3年生
43%
4年生
43%
4年生
43%
4年生
43%
4年生
43%
5年生
43%
1年生
42%
2年生
42%
2年生
42%
2年生
42%
2年生
42%
2年生
42%
3年生
42%
3年生
42%
3年生
42%
3年生
42%
3年生
42%
3年生
42%
3年生
42%
3年生
42%
3年生
42%
3年生
42%
3年生
42%
4年生
42%
6年生
42%
2年生
41%
3年生
41%
3年生
41%
3年生
41%
3年生
41%
3年生
41%
4年生
41%
4年生
41%
4年生
41%
4年生
41%
4年生
41%
4年生
41%
4年生
41%
4年生
41%
5年生
41%
5年生
41%
5年生
41%
5年生
41%
2年生
40%
2年生
40%
2年生
40%
2年生
40%
2年生
40%
2年生
40%
3年生
40%
3年生
40%
3年生
40%
3年生
40%
3年生
40%
3年生
40%
5年生
40%
5年生
40%
5年生
40%
1年生
39%
1年生
39%
2年生
39%
2年生
39%
2年生
39%
2年生
39%
3年生
39%
3年生
39%
3年生
39%
3年生
39%
3年生
39%
3年生
39%
3年生
39%
3年生
39%
4年生
39%
4年生
39%
4年生
39%
4年生
39%
5年生
39%
5年生
39%
6年生
39%
6年生
39%
6年生
39%
6年生
39%
1年生
38%
2年生
38%
2年生
38%
2年生
38%
3年生
38%
3年生
38%
3年生
38%
3年生
38%
3年生
38%
3年生
38%
3年生
38%
4年生
38%
4年生
38%
4年生
38%
4年生
38%
4年生
38%
4年生
38%
4年生
38%
5年生
38%
1年生
37%
2年生
37%
2年生
37%
2年生
37%
2年生
37%
2年生
37%
3年生
37%
3年生
37%
3年生
37%
3年生
37%
3年生
37%
3年生
37%
4年生
37%
4年生
37%
4年生
37%
5年生
37%
5年生
37%
5年生
37%
5年生
37%
5年生
37%
6年生
37%
6年生
37%
2年生
36%
2年生
36%
2年生
36%
2年生
36%
3年生
36%
3年生
36%
4年生
36%
4年生
36%
4年生
36%
4年生
36%
4年生
36%
4年生
36%
5年生
36%
5年生
36%
6年生
36%
6年生
36%
6年生
36%
6年生
36%
2年生
35%
2年生
35%
2年生
35%
3年生
35%
3年生
35%
3年生
35%
3年生
35%
3年生
35%
3年生 使
35%
3年生
35%
3年生
35%
3年生
35%
4年生
35%
4年生
35%
4年生
35%
4年生
35%
4年生
35%
4年生
35%
4年生
35%
5年生
35%
5年生
35%
5年生
35%
5年生
35%
5年生
35%
5年生
35%
5年生
35%
6年生
35%
6年生
35%
6年生
35%
1年生
34%
2年生
34%
3年生
34%
3年生
34%
3年生
34%
3年生
34%
3年生
34%
3年生
34%
3年生
34%
4年生
34%
4年生
34%
4年生
34%
4年生
34%
5年生
34%
5年生
34%
5年生
34%
5年生
34%
6年生
34%
6年生
34%
6年生
34%
6年生
34%
2年生
33%
2年生
33%
2年生
33%
2年生
33%
2年生
33%
3年生
33%
3年生
33%
3年生
33%
3年生
33%
3年生
33%
3年生
33%
4年生
33%
4年生
33%
4年生
33%
4年生
33%
4年生
33%
4年生
33%
4年生
33%
5年生
33%
5年生
33%
5年生
33%
5年生
33%
5年生
33%
5年生
33%
3年生
32%
3年生
32%
3年生
32%
3年生
32%
3年生
32%
3年生
32%
3年生
32%
3年生
32%
3年生
32%
3年生
32%
4年生
32%
4年生
32%
4年生
32%
4年生
32%
4年生
32%
4年生
32%
4年生
32%
5年生
32%
5年生
32%
5年生
32%
5年生
32%
5年生
32%
5年生
32%
6年生
32%
3年生
31%
3年生
31%
3年生
31%
3年生
31%
3年生
31%
3年生 調
31%
3年生
31%
3年生
31%
3年生
31%
3年生
31%
3年生
31%
4年生
31%
4年生
31%
5年生
31%
5年生
31%
5年生
31%
5年生
31%
5年生
31%
5年生
31%
6年生
31%
6年生
31%
6年生
31%
6年生
31%
6年生
31%
6年生
31%
2年生
30%
2年生
30%
2年生
30%
3年生
30%
3年生
30%
3年生
30%
3年生
30%
4年生
30%
4年生
30%
4年生
30%
4年生
30%
4年生
30%
4年生
30%
5年生
30%
5年生
30%
5年生
30%
6年生
30%
6年生
30%
6年生
30%
6年生
30%
2年生
29%
2年生
29%
2年生
29%
3年生
29%
3年生
29%
3年生
29%
3年生
29%
4年生
29%
4年生
29%
4年生
29%
4年生
29%
4年生
29%
4年生
29%
4年生
29%
4年生
29%
4年生
29%
4年生
29%
4年生
29%
4年生
29%
4年生
29%
4年生
29%
4年生
29%
4年生
29%
5年生
29%
5年生
29%
5年生
29%
5年生
29%
5年生
29%
5年生
29%
5年生
29%
5年生
29%
5年生
29%
6年生
29%
6年生
29%
2年生
28%
2年生
28%
3年生
28%
3年生
28%
3年生
28%
3年生
28%
3年生
28%
3年生
28%
3年生
28%
4年生
28%
4年生
28%
4年生
28%
4年生
28%
4年生
28%
4年生
28%
4年生
28%
5年生
28%
5年生
28%
5年生
28%
5年生
28%
5年生
28%
6年生
28%
6年生
28%
6年生
28%
6年生
28%
6年生
28%
6年生
28%
6年生
28%
3年生
27%
3年生
27%
3年生
27%
3年生
27%
3年生
27%
3年生
27%
4年生
27%
4年生
27%
4年生
27%
4年生
27%
4年生
27%
4年生
27%
5年生
27%
5年生
27%
5年生
27%
5年生
27%
5年生
27%
5年生
27%
5年生
27%
5年生
27%
6年生
27%
6年生
27%
6年生
27%
6年生
27%
6年生
27%
2年生
26%
2年生
26%
2年生
26%
3年生
26%
3年生
26%
3年生
26%
3年生
26%
3年生
26%
3年生
26%
3年生
26%
4年生
26%
4年生
26%
4年生
26%
4年生
26%
4年生
26%
4年生
26%
4年生
26%
5年生
26%
5年生
26%
5年生
26%
5年生
26%
5年生
26%
6年生
26%
6年生
26%
6年生
26%
6年生
26%
6年生
26%
6年生
26%
6年生
26%
6年生
26%
6年生
26%
6年生
26%
6年生
26%
6年生
26%
6年生
26%
2年生
25%
3年生
25%
3年生
25%
3年生
25%
3年生 宿
25%
3年生
25%
3年生
25%
3年生
25%
3年生
25%
4年生
25%
4年生
25%
4年生
25%
4年生
25%
4年生
25%
4年生
25%
4年生
25%
4年生
25%
4年生
25%
5年生
25%
5年生
25%
5年生
25%
5年生
25%
5年生
25%
5年生
25%
6年生
25%
6年生
25%
6年生
25%
6年生
25%
6年生
25%
6年生
25%
6年生
25%
6年生
25%
6年生
25%
6年生
25%
6年生
25%
2年生
24%
3年生
24%
3年生
24%
3年生
24%
3年生
24%
3年生
24%
3年生
24%
4年生
24%
4年生
24%
4年生
24%
4年生
24%
4年生
24%
4年生
24%
4年生
24%
4年生
24%
4年生
24%
4年生
24%
5年生
24%
5年生
24%
5年生
24%
5年生
24%
5年生
24%
5年生
24%
5年生
24%
5年生
24%
5年生
24%
5年生
24%
6年生
24%
6年生
24%
6年生 姿
24%
6年生
24%
6年生
24%
6年生
24%
6年生
24%
6年生
24%
6年生
24%
6年生
24%
6年生
24%
6年生
24%
2年生
23%
3年生
23%
3年生
23%
3年生
23%
3年生
23%
3年生
23%
4年生
23%
4年生
23%
4年生
23%
4年生
23%
4年生
23%
4年生
23%
4年生
23%
4年生
23%
4年生
23%
4年生 便
23%
5年生
23%
5年生
23%
5年生
23%
5年生
23%
5年生
23%
5年生
23%
5年生
23%
6年生
23%
6年生
23%
6年生
23%
6年生
23%
6年生
23%
6年生
23%
3年生
22%
3年生
22%
3年生
22%
4年生
22%
4年生
22%
4年生
22%
4年生
22%
4年生
22%
4年生
22%
4年生
22%
4年生
22%
5年生
22%
5年生
22%
5年生
22%
5年生
22%
5年生
22%
6年生
22%
6年生
22%
6年生
22%
6年生
22%
6年生
22%
6年生
22%
6年生
22%
6年生
22%
3年生
21%
4年生
21%
4年生
21%
4年生
21%
4年生
21%
4年生
21%
4年生
21%
5年生
21%
5年生
21%
5年生
21%
6年生 沿
21%
6年生
21%
6年生
21%
6年生
21%
6年生
21%
6年生
21%
6年生
21%
6年生
21%
3年生
20%
3年生
20%
3年生
20%
3年生
20%
3年生
20%
3年生
20%
3年生
20%
4年生
20%
4年生
20%
4年生
20%
4年生
20%
4年生
20%
4年生
20%
4年生
20%
4年生
20%
5年生
20%
5年生
20%
5年生
20%
5年生
20%
5年生
20%
5年生
20%
5年生
20%
5年生
20%
5年生
20%
5年生
20%
5年生
20%
5年生
20%
5年生 退
20%
5年生
20%
5年生
20%
5年生
20%
5年生
20%
5年生
20%
6年生
20%
6年生
20%
6年生
20%
6年生
20%
6年生
20%
6年生
20%
6年生
20%
2年生
19%
3年生
19%
4年生
19%
4年生
19%
4年生
19%
4年生
19%
4年生
19%
4年生
19%
5年生
19%
5年生
19%
5年生
19%
5年生
19%
5年生
19%
5年生
19%
6年生
19%
6年生
19%
6年生
19%
6年生
19%
6年生
19%
6年生
19%
6年生
19%
2年生
18%
3年生
18%
3年生
18%
5年生
18%
5年生
18%
5年生
18%
5年生
18%
5年生
18%
5年生
18%
5年生
18%
5年生
18%
6年生
18%
6年生
18%
6年生
18%
6年生
18%
6年生
18%
6年生
18%
6年生
18%
6年生
18%
6年生
18%
6年生
18%
3年生
17%
3年生
17%
3年生
17%
4年生
17%
5年生
17%
5年生
17%
5年生
17%
5年生
17%
5年生
17%
5年生
17%
5年生
17%
5年生
17%
6年生
17%
6年生
17%
6年生
17%
6年生
17%
6年生
17%
6年生
17%
6年生
17%
6年生
17%
6年生
17%
6年生
17%
3年生
16%
4年生
16%
4年生
16%
4年生
16%
5年生
16%
5年生
16%
5年生
16%
5年生
16%
5年生
16%
6年生
16%
6年生
16%
6年生
16%
6年生
16%
6年生
16%
6年生
16%
3年生
15%
4年生
15%
4年生
15%
4年生
15%
4年生
15%
4年生
15%
5年生
15%
5年生
15%
5年生
15%
5年生
15%
5年生
15%
5年生
15%
5年生
15%
5年生
15%
5年生
15%
6年生
15%
6年生
15%
6年生
15%
6年生
15%
6年生
15%
6年生
15%
6年生
15%
6年生
15%
6年生
15%
4年生
14%
4年生
14%
4年生
14%
5年生
14%
5年生
14%
5年生 貿
14%
5年生
14%
6年生
14%
6年生
14%
6年生
14%
6年生
14%
6年生
14%
6年生
14%
4年生
13%
4年生
13%
4年生
13%
4年生
13%
5年生
13%
5年生
13%
5年生
13%
5年生 綿
13%
6年生
13%
6年生
13%
6年生
13%
6年生
13%
6年生
13%
3年生
12%
3年生
12%
4年生
12%
5年生
12%
5年生
12%
5年生
12%
5年生
12%
6年生
12%
6年生
12%
5年生
11%
5年生
11%
6年生
11%
6年生
11%
6年生
11%
6年生
11%
6年生
11%
4年生
10%
6年生
10%
6年生
10%
4年生
9%
6年生
9%
6年生
9%
6年生
9%
6年生
9%
5年生
8%
5年生
8%
6年生
8%
4年生
7%
6年生
7%
5年生
6%
6年生
6%
No matching quizzes found
Score Distribution
Percent of People with Each Score
Percentile by Number Answered
Your Score History
You have not taken this quiz